Matisse, Picasso (Record no. 88872)

MARC details
000 -LEADER
campo de control de longitud fija 01211nam a2200289 i 4500
001 - NÚMERO DE CONTROL
campo de control 88872
003 - IDENTIFICADOR DE NÚMERO DE CONTROL
campo de control ES-MaACL
005 - FECHA Y HORA DE LA ÚLTIMA TRANSACCIÓN
campo de control 20251111063348.0
007 - CAMPO FIJO DE DESCRIPCIÓN FÍSICA--INFORMACIÓN GENERAL
campo de control de longitud fija t|
008 - DATOS DE LONGITUD FIJA--INFORMACIÓN GENERAL
campo de control de longitud fija 041227s2002 xxk ||||1| eng d
020 ## - NÚMERO INTERNACIONAL ESTÁNDAR DEL LIBRO
Número Internacional Estándar del Libro 1-85437-376-5
080 ## - NÚMERO DE LA CLASIFICACIÓN DECIMAL UNIVERSAL
Número de la Clasificación Decimal Universal 7 Matisse, Henri (083.824)
080 ## - NÚMERO DE LA CLASIFICACIÓN DECIMAL UNIVERSAL
Número de la Clasificación Decimal Universal 7 Picasso, Pablo (083.824)
100 1# - ENTRADA PRINCIPAL--NOMBRE DE PERSONA
Nombre de persona Matisse, Henri,
Fechas asociadas al nombre 1869-1954
9 (RLIN) 79085
245 10 - MENCIÓN DEL TÍTULO
Título Matisse, Picasso
Resto del título : [exposición] /
Mención de responsabilidad, etc. Elizabeth Cowling ... [et al.].
260 ## - PUBLICACIÓN, DISTRIBUCIÓN, ETC.
Lugar de publicación, distribución, etc. [London] :
Nombre del editor, distribuidor, etc. Tate Publishing,
Fecha de publicación, distribución, etc. [2002]
300 ## - DESCRIPCIÓN FÍSICA
Extensión 400 p. :
Otras características físicas il. ;
Dimensiones 31 cm.
500 ## - NOTA GENERAL
Nota general Exposición itinerante celebrada en Tate Modern, Londres, del 11 de mayo al 18 de agosto de 2002, París, Galeries nationales du Grand Palais, del 17 de septiembre de 2002 al 6 de enero de 2003 y en el Museo of Modern Art de Nueva York, del 13 de febrero al 19 de mayo de 2003.
600 14 - PUNTO DE ACCESO ADICIONAL DE MATERIA--NOMBRE DE PERSONA
Nombre de persona Matisse, Henri-
Subdivisión de forma Exposiciones.
9 (RLIN) 79086
600 14 - PUNTO DE ACCESO ADICIONAL DE MATERIA--NOMBRE DE PERSONA
Nombre de persona Picasso, Pablo,
Fechas asociadas al nombre 1881-1973-
Subdivisión de forma Exposiciones
9 (RLIN) 91797
655 #7 - TERMINO DE INDIZACIÓN--GENERO/FORMA
Fuente del término tgfbne
9 (RLIN) 193628
Datos o término principal de género/forma Catálogos de exposiciones
700 1# - ENTRADA AGREGADA--NOMBRE PERSONAL
Nombre de persona Cowling, Elizabeth.
9 (RLIN) 41385
700 1# - ENTRADA AGREGADA--NOMBRE PERSONAL
Nombre de persona Picasso, Pablo,
Fechas asociadas al nombre 1881-1973
9 (RLIN) 91794
852 ## - LOCALIZACIÓN
Ubicación ES-MaACL
Número de control de estantería E-10723
Sublocalización o colección R.134918
942 ## - ELEMENTOS DE ENTRADA SECUNDARIOS (KOHA)
Fuente del sistema de clasificación o colocación Clasificación decimal universal
Holdings
Estatus retirado Estado de pérdida Estado de daño No para préstamo Biblioteca de origen Biblioteca actual Ubicación en estantería Fecha de adquisición Fuente de adquisición Total de préstamos Signatura topográfica completa Código de barras Visto por última vez Precio de reemplazo Tipo de ítem Koha
        Biblioteca del Ateneo de Madrid Biblioteca del Ateneo de Madrid Depósito 2 17/01/2008     E-10723 1092823 23/02/2023 23/02/2023 Libro impreso